000 01748nas a2200277Ia 4500
001 R240-R2897
003 IT-CnALBA
008 170116c99999999xx |||||||||||| ||und||
040 _aIT-CnALBA
_cIT-CnALBA
041 _aITALIANO
100 _aABLONDI ALBERTO, VESCOVO DI LIVORNO
210 _aSE VUOI
222 _aSE VUOI
245 0 _aSE VUOI, RIVISTA DI ORIENTAMENTO. N. I. ANNO XXIII. GENNAIO FEBBRAIO 1982.
250 _a1a ed.
260 _aCINISELLO BALSAMO (MI)
_bEDIZIONI PAOLINE
_c1982
300 _a66 p.
310 _aBIMESTRALE
362 _aFascicolo: 1 / Anno: 23 (1982)
500 _aINDICE ANNATA 1981. MONGILLO D. CAGNASSO F. BONINO G. FABBRETTI N. HANDICAPPATO INUTILE. ATTESA E INCONTRO FASI DELLA CHIAMATA. FAMIGLIA VOCABOLARIO DELLE VOCAZIONI. TESTIMONIANZA DALLE MISSIONI. SALITA' INSIEME POESIE. VITA INTERIORE. FRATE OPERAIO FRANCESCO. RICERCA, FOTOLINGUAGGIO. RELIGIOSI PIME, PONTIFICIO ISTITUTO MISSIONI ESTERE. CELLULA DI CHIESA, TESTIMONIANZA. MOVIMENTO PAX CHRISTI. PAROLA AI LETTORI, AZIONE E PREGHIERA, NASCITA DI Una comunità'' VERA.
501 _aSocietà San Paolo EM - Piazza San Paolo, 14 - 12051 ALBA (CN) (non commercial uses only) ® Copyright 2017
520 _aINDICE ANNATA 1981. MONGILLO D. CAGNASSO F. BONINO G. FABBRETTI N. HANDICAPPATO INUTILE. ATTESA E INCONTRO FASI DELLA CHIAMATA. FAMIGLIA VOCABOLARIO DELLE VOCAZIONI. TESTIMONIANZA DALLE MISSIONI. SALITA' INSIEME POESIE. VITA INTERIORE. FRATE OPERAIO FRANCESCO. RICERCA, FOTOLINGUAGGIO. RELIGIOSI PIME, PONTIFICIO ISTITUTO MISSIONI ESTERE. CELLULA DI CHIESA, TESTIMONIANZA. MOVIMENTO PAX CHRISTI. PAROLA AI LETTORI, AZIONE E PREGHIERA, NASCITA DI Una comunità'' VERA.
650 _aVOCAZIONE
942 _cCR
957 _71
999 _a12941
_bNO
_g1
_c320996
_d320996